000
00223 a2200097 4500
001
27965
100
_a
Currie, I G
245
_a
Fundamentals of mechanics of fluids
260
_a
_b
McGraw-Hill
_c
1974
090
_c
18673
_d
18673
942
_a
NUST-CAE
_c
M
_c
9639
999
_c
263038
_d
263038